| 000 | 00846nam a22002175a 4500 | ||
|---|---|---|---|
| 003 | OSt | ||
| 005 | 20180214123329.0 | ||
| 008 | 110616s1967 ua frb 000 0 ara d | ||
| 040 |
_aEG-ScBUE _bara _cEG-ScBUE _dEG-ScBUE |
||
| 082 | 0 | 4 |
_a658.047 _bأ ب و _222 |
| 100 | 1 | _aأبو الخير، كمال حمدي. | |
| 245 | 1 | 0 |
_aأصول التنظيم والإدارة في المؤسسات والتعاونيات / _cكمال حمدي أبو الخير. |
| 260 |
_aالقاهرة : _bمكتبة عين شمس، _c[1967] |
||
| 300 |
_a542 ص. ؛ _c24 سم. |
||
| 504 | _aيشتمل على إرجاعات ببليوجرافية. | ||
| 650 | 7 |
_aالمؤسسات الاجتماعية _xإدارة. _2BUEsh |
|
| 650 | 7 |
_aالجمعيات التعاونية _xإدارة. _2BUEsh |
|
| 651 | _2BUEsh | ||
| 653 |
_bBUSADM _cFebruary2018 |
||
| 942 |
_2ddc _cBB |
||
| 999 |
_c15611 _d15611 |
||